书目信息 |
| 题名: |
天文·时间·历法
|
|
| 作者: | 李芝萍 , 贾焕阁 编著 | |
| 分册: | ||
| 出版信息: | 北京 气象出版社 2003.2 |
|
| 页数: | 233页 | |
| 开本: | 19cm | |
| 丛书名: | ||
| 单 册: | ||
| 中图分类: | P19-49 , P1-49 | |
| 科图分类: | ||
| 主题词: | 天文学--tian wen xue--普及读物 , 时间学--shi jian xue--普及读物 , 天文学--tian wen xue , 时间学--shi jian xue , 历法--li fa--普及读物 , 历法--li fa | |
| 电子资源: | ||
| ISBN: | 7-5029-3430-8 | |
| 000 | 01038nam0 2200301 45 | |
| 001 | 012003063771 | |
| 005 | 20061226090745.59 | |
| 010 | @a7-5029-3430-8@dCNY12.00 | |
| 100 | @a20030920d2003 em y0chiy0121 ea | |
| 101 | 0 | @achi |
| 102 | @aCN@b110000 | |
| 105 | @aak z 000yy | |
| 200 | 1 | @a天文·时间·历法@Atian wen shi jian li fa@f李芝萍, 贾焕阁编著 |
| 210 | @a北京@c气象出版社@d2003.2 | |
| 215 | @a233页@c图@d19cm | |
| 330 | @a本书包括: 什么是天球; 什么是星座; 黄道十二宫和黄道十二星座; 什么叫岁差和章动; 什么是三垣二十八宿; 星名是怎样确定的; 怎样寻找确定的; 为什么星空会随季节变化; 昼夜和四季是怎样形成的等内容。 | |
| 606 | 0 | @a天文学@Atian wen xue@j普及读物 |
| 606 | 0 | @a时间学@Ashi jian xue@j普及读物 |
| 606 | 0 | @a天文学@Atian wen xue |
| 606 | 0 | @a时间学@Ashi jian xue |
| 606 | 0 | @a历法@Ali fa@j普及读物 |
| 606 | 0 | @a历法@Ali fa |
| 690 | @aP19-49@v4 | |
| 690 | @aP1-49@v4 | |
| 701 | 0 | @a李芝萍@Ali zhi ping@4编著 |
| 701 | 0 | @a贾焕阁@Ajia huan ge@4编著 |
| 801 | 0 | @aCN@c20061226 |
| 905 | @a10447@dP1-49@eL330 | |
| 天文·时间·历法/李芝萍, 贾焕阁编著.-北京:气象出版社,2003.2 |
| 233页:图;19cm |
| ISBN 7-5029-3430-8:CNY12.00 |
| 本书包括: 什么是天球; 什么是星座; 黄道十二宫和黄道十二星座; 什么叫岁差和章动; 什么是三垣二十八宿; 星名是怎样确定的; 怎样寻找确定的; 为什么星空会随季节变化; 昼夜和四季是怎样形成的等内容。 |
| ● |
| 相关链接 |
|
|
|
正题名:天文·时间·历法
索取号:P1-49/L330
 
预约/预借
| 序号 | 登录号 | 条形码 | 馆藏地/架位号 | 状态 | 备注 |
| 1 | 641205 | 206412050 | 自科库401/ [索取号:P1-49/L330] | 在馆 | |
| 2 | 641206 | 206412069 | 社科二线400B/401自科库 109排2列1层/ [索取号:P1-49/L330] | 在馆 | |
| 3 | 641207 | 206412078 | 社科二线400B/400B社科库 7排2列6层/ [索取号:P1-49/L330] | 在馆 |